[Event "Barcelona Sants op-A18th"]
[Site "Barcelona"]
[Date "2016.08.19"]
[Round "1"]
[White "Lin, Chen"]
[Black "Carraro, Denise"]
[Result "1-0"]
[WhiteElo "2516"]
[BlackElo "2120"]
[PlyCount "39"]
[EventDate "2016.08.19"]
[EventType "swiss"]
[EventRounds "10"]
[EventCountry "ESP"]
[SourceTitle "CBM 174 Extra"]
[Source "ChessBase"]
[SourceDate "2016.10.10"]
[SourceVersion "1"]
[SourceVersionDate "2016.10.10"]
[SourceQuality "1"]

1. d4 e6 2. Nf3 Nf6 3. Bf4 b6 4. e3 Bb7 5. h3 Be7 6. Bd3 c5 7. c3 Nc6 8. Nbd2 a6 9. Qe2 cxd4 10. exd4 b5 11. a3 0-0 12. 0-0 Rc8 13. Rfe1 Na5 14. a4 bxa4 15. Rxa4 Nd5 16. Bg3 Rxc3 17. bxc3 Nxc3 18. Bxh7+ Kh8 19. Qe5 Bxf3 20. Nxf3 1-0